<?xml version="1.0" encoding="UTF-8"?>
<marc:record xmlns:marc="http://www.loc.gov/MARC21/slim">
   <marc:leader>00000nam a2200000 a 4500</marc:leader>
   <marc:datafield ind1="1" ind2=" " tag="100">
      <marc:subfield code="a">Camilleri, Andrea</marc:subfield>
      <marc:subfield code="4">aut</marc:subfield>
      <marc:subfield code="e">Verfasser/-in</marc:subfield>
   </marc:datafield>
   <marc:datafield ind1="0" ind2="0" tag="245">
      <marc:subfield code="a">Das Paradies der kleinen Sünder</marc:subfield>
   </marc:datafield>
   <marc:datafield ind1="0" ind2="0" tag="245">
      <marc:subfield code="b">Kommissario Montalbano kommt ins Stolpern</marc:subfield>
   </marc:datafield>
   <marc:datafield ind1=" " ind2="1" tag="264">
      <marc:subfield code="b">Verlagsgruppe Lübbe</marc:subfield>
      <marc:subfield code="c">2002</marc:subfield>
   </marc:datafield>
   <marc:datafield ind1="1" ind2=" " tag="490">
      <marc:subfield code="a">Commissario Montalbano</marc:subfield>
   </marc:datafield>
   <marc:datafield ind1="1" ind2=" " tag="520">
      <marc:subfield code="a">Wenn es 8:8 steht und nicht der Stand eines Fußballspiels gemeint ist, sondern die tödliche Bilanz zweier verfeindeter Mafia-Familien. Wenn ein angesehener Arzt, der sich einen Fehltritt mit einer streng behüteten Zwanzigjährigen erlaubt, plötzlich deren gesamte Sippe am Hals hat und spurlos verschwindet. Wenn eine nicht unvermögende, bereits über neunzigjährige Dame ungebetenen Besuch erhält und der Täter der Teufel selbst ist - dann kann man mit Sicherheit davon ausgehen, dass sich diese Dinge irgendwo in Sizilien ereignen und Commissario Salvo Montalbano nicht weit ist.</marc:subfield>
   </marc:datafield>
   <marc:datafield ind1=" " ind2=" " tag="020">
      <marc:subfield code="a">9783404921003</marc:subfield>
      <marc:subfield code="9">9783404921003</marc:subfield>
   </marc:datafield>
</marc:record>
